| 000 | 00693nam a2200229 4500 | ||
|---|---|---|---|
| 003 | OSt | ||
| 005 | 20240709014610.0 | ||
| 006 | a | ||
| 008 | 240709b |||||||| |||| 00| 0 eng d | ||
| 020 | _a0131781286 | ||
| 040 |
_aDWCL-Main lib. _cOC |
||
| 082 |
_2Third edition _aCirc. 620.00420285 M691 2004 |
||
| 110 | _aFrederick E. Giesacke | ||
| 245 | _aModern graphics communication / | ||
| 250 | _aThird edition | ||
| 260 |
_aN. J. : _bPearson Education Inc., _cc2004. |
||
| 300 |
_axiii, _bvarious paging : ill. ; _c25 cm. |
||
| 504 | _aIncludes index. | ||
| 650 | _a1. Engineering graphics. | ||
| 650 | _a2. Computer-aided design. | ||
| 942 |
_2ddc _n0 _cBK-CIRC _eThird edition _kCirc. |
||
| 999 |
_c2118 _d2118 |
||